000
00292nam a22001337a 4500
008
170830b xxu||||| |||| 00| 0 eng d
020
_a
9780130368720
041
_a
eng
080
_a
070
100
_a
39
101
_a
MED
245
_a
BROADCAST ANNOUNCING
_c
HAGERMAN,W.L
942
_2
udc
_c
BK
999
_c
25471
_d
25471